| 000 | 01030nas a2200313 4500 | ||
|---|---|---|---|
| 001 | BR2014000221 | ||
| 003 | BR-BrBNA | ||
| 005 | 20231205123558.0 | ||
| 007 | ta | ||
| 008 | 230509b bl.|||p| |||| 00| 00por d | ||
| 040 |
_aBR-BrBNA _bpor _cBiblioteca Nacional de Agricultura |
||
| 041 | _a(Pt) | ||
| 072 | _aF04; F06; F08 | ||
| 100 | 1 | _aOliveira, F. de A. de | |
| 100 | 1 | _aDuarte, S.N. | |
| 100 | 1 | _aMedeiros, J.F. de | |
| 100 | 1 | _aDias, N. da S. | |
| 100 | 1 | _aSilva, R.C.P. da | |
| 100 | 1 | _aLima, C.J.G. de S. | |
| 245 | 1 | _aManejos da fertirrigação e doses de N e K no cultivo de pimentão em ambiente protegido | |
| 650 | _aCAPSICUM ANNUUM | ||
| 650 | _aCULTIVO PROTEGIDO | ||
| 650 | _aNITROGÊNIO | ||
| 650 | _aPOTÁSSIO | ||
| 773 | 0 |
_tRevista Brasileira de Engenharia Agrícola e Ambiental (Brazil) _xISSN 1415-4366 _g(Nov 2013), v. 17(11) p. 1152-1159 _wBR2014000221 |
|
| 856 | 4 | 0 | _uhttp://www.scielo.br/pdf/rbeaa/v17n11/v17n11a04.pdf |
| 909 |
_a202311 _bLúcia _c55 _dLúcia Elande |
||
| 942 |
_2AGRIS _n0 _cANA |
||
| 999 |
_c234619 _d234619 |
||